Friends Characters Quiz Stats

 Plays Quiz not verified by Sporcle

Support Sporcle.
Go Orange.
Score 0/48 Timer 10:00
0 Plays Today
Actors name Characters name % Correct
Jennifer anistonRachel green
100%
Courtney coxmonica geller
100%
david schwimmerross geller
99.1%
matthew perrychandler bing
99.1%
matt le blancjoey tribbiani
98.2%
lisa kudrowphoebe buffay
97.3%
maggie wheelerjanice litman
92.8%
paul ruddmike hannigan
92.8%
James michael tylergunther
91.9%
elliot gouldjack geller
91%
christina picklesjudy geller
89.2%
tom selleckrichard burke
89.2%
jane sibbettcarol willick
85.6%
helen baxendaleemily walthum
84.7%
cole sprouseben geller
84.7%
jessica hechtsusan bunch
83.8%
giovanni ribisifrank buffay jr.
83.8%
hank azariadavid
82.9%
bruce willispaul stevens
82%
reese witherspoonjill green
80.2%
aisha tylercharlie wheeler
79.3%
eddie cahilltag jones
78.4%
jon favreaupete becker
77.5%
christina applegateamy green
77.5%
Actors name Characters name % Correct
anna fariserica
75.7%
june gable estelle leonard
73%
lauren tomjulie
73%
debra jo ruppalice knight buffay
73%
elle macphersonjanine lecroix
73%
alexandra holdenelizabeth stevens
69.4%
morgan fairchildNora tyler bing
68.5%
adam goldbergeddie menuek
67.6%
Sean penneric
67.6%
bonnie somervillemona
66.7%
tate donovanjoshua burgin
65.8%
cosimo fuscopaolo
64%
paget brewsterkathy
61.3%
Alec baldwinParker
60.4%
ron liebmanDr leonard green
59.5%
cali sheldonemma geller green
55%
christine taylorbonnie
55%
dermot mulroneyGavin
54.1%
michael rapaportGary
52.3%
larry hankinmr heckles
50.5%
steve irelandmr. zelner
39.6%
mike hagertymr treeger
38.7%
george newberndanny
33.3%
dina meyerkate miller
29.7%

You're not logged in!

Compare scores with friends on all Sporcle quizzes.
OR
Log In

From the Vault

Famous From the 17th Century

by needapausebutton

Galileo's head was on the block. The crime was looking up for truth.
Remove Ads.
Support Sporcle.
Get the best of Sporcle when you Go Orange. This ad-free experience offers more features, more stats, and more fun while also helping to support Sporcle. Thank you for becoming a member.

Show Comments

Extras

Created Mar 22, 2012ReportNominate
Tags:Actor Quiz, Character

Top Quizzes Today


Score Distribution

Your Account Isn't Verified!

In order to create a playlist on Sporcle, you need to verify the email address you used during registration. Go to your Sporcle Settings to finish the process.

Report this User

Report this user for behavior that violates our Community Guidelines.

Details: